| 000 | 01154nam a22002895a 4500 | ||
|---|---|---|---|
| 003 | OSt | ||
| 005 | 20170207153653.0 | ||
| 008 | 170207s2005 ua fqb || 00| arang d | ||
| 015 | _a1999 / 16972 | ||
| 020 | _a9770428485 | ||
| 040 |
_aEG-ScBUE _bara _cEG-ScBUE |
||
| 043 | _af-ua--- | ||
| 082 | 0 | 4 |
_a343.62076 _bب هـ ج _222 |
| 100 | 1 | _aبهجت، أحمد عبد التواب محمد. | |
| 245 | 1 | 0 |
_aشرح القانون الزراعي / _cأحمد عبد التواب محمد بهجت. |
| 250 | _aط. 3. | ||
| 260 |
_aالقاهرة : _bدار النهضة العربية، _c2005. |
||
| 300 |
_aمج. 1. ؛ _c24 سم. |
||
| 504 | _aيشتمل على إرجاعات ببليوجرافية. | ||
| 505 | 2 | _aمج. 1. الملكية الزراعية في الأطيان الزراعية والصحراوية. | |
| 650 | 7 |
_aالزراعة _xقوانين وتشريعات _zمصر. _2BUEsh |
|
| 650 | 7 |
_aملكية الأراضي _xقوانين وتشريعات _zمصر. _2BUEsh |
|
| 650 | 7 |
_aالإصلاح الزراعي _xقوانين وتشريعات _zمصر. _2BUEsh |
|
| 651 | _2BUEsh | ||
| 653 |
_bLLAAWW _cFebruary2017 |
||
| 942 | _2ddc | ||
| 999 |
_c24083 _d24055 |
||